[Event "49th Capablanca Memorial"]
[Site "Havana CUB"]
[Date "2014.05.17"]
[EventDate "2014.05.08"]
[Round "9.1"]
[Result "1/2-1/2"]
[White "Vassily Ivanchuk"]
[Black "Wesley So"]
[WhiteElo "2753"]
[BlackElo "2738"]
[PlyCount "53"]

1. e4 e5 2. Nf3 Nc6 3. Bb5 Nf6 4. d3 Bc5 5. Bxc6 dxc6 6. Nbd2
O-O 7. Nc4 Nd7 8. Be3 f6 9. O-O b6 10. Nh4 a5 11. Qg4 Bxe3
12. Nxe3 Nc5 13. Nef5 Bxf5 14. Nxf5 g6 15. h4 Kh8 16. Ne3 Qd4
17. b3 a4 18. Rab1 axb3 19. axb3 f5 20. exf5 gxf5 21. Qh5 Qd7
22. Rfe1 Rae8 23. Nc4 Qd5 24. Ne3 Qe6 25. Nc4 Qd5 26. Ne3 Qe6
27. Nc4 1/2-1/2

[Event "9th Edmonton International"]
[Site "Edmonton, Canada"]
[Date "2014.06.22"]
[EventDate "2014.??.??"]
[Round "2.2"]
[Result "1-0"]
[White "Wesley So"]
[Black "Samuel Shankland"]
[WhiteElo "2744"]
[BlackElo "2632"]
[PlyCount "71"]

1. d4 Nf6 2. c4 g6 3. g3 c5 4. d5 b5 5. cxb5 a6 6. bxa6 Bg7
7. Nc3 O-O 8. Nf3 d6 9. e4 Qa5 10. Nd2 Bxa6 11. Bxa6 Qxa6
12. Qe2 Nbd7 13. a4 e6 14. dxe6 fxe6 15. Nb5 Qc6 16. O-O d5
17. e5 Ne8 18. f4 Nc7 19. Nf3 Qa6 20. Ra3 Rab8 21. Ng5 Rfe8
22. Qg4 Nxb5 23. axb5 Qc8 24. Ra7 Rb7 25. Rxb7 Qxb7 26. Nxe6
Nxe5 27. fxe5 Qd7 28. Be3 Rxe6 29. Bxc5 h5 30. Qf4 Rxe5 31. b6
Rf5 32. Qc1 Rxf1+ 33. Qxf1 Bxb2 34. Qb1 Qc6 35. Qxb2 Qxc5+
36. Kg2 1-0

[Event "49th Capablanca Memorial"]
[Site "Havana CUB"]
[Date "2014.05.08"]
[EventDate "2014.05.08"]
[Round "1.1"]
[Result "1/2-1/2"]
[White "Wesley So"]
[Black "Lazaro Bruzon Batista"]
[WhiteElo "2738"]
[BlackElo "2678"]
[PlyCount "128"]

1. d4 Nf6 2. c4 e6 3. Nc3 Bb4 4. Qc2 O-O 5. a3 Bxc3+ 6. Qxc3
d5 7. e3 b6 8. cxd5 exd5 9. f3 a5 10. b3 Re8 11. Bd3 Ba6
12. Ne2 c5 13. O-O Qc8 14. dxc5 bxc5 15. Bb2 Qe6 16. Bxa6 Nxa6
17. Nf4 Qxe3+ 18. Qxe3 Rxe3 19. Bxf6 gxf6 20. Nxd5 Rxb3
21. Nxf6+ Kg7 22. Ne4 Rd8 23. Rfc1 Rdd3 24. Nxc5 Nxc5 25. Rxc5
Rxa3 26. Rg5+ Kf6 27. Rxa5 Rxa1+ 28. Rxa1 Rd2 29. Ra4 Kg6
30. Rg4+ Kf6 31. h4 h6 32. Kh2 Ra2 33. Rg8 Rb2 34. Kh3 Rb3
35. Kg4 Rb5 36. h5 Rb4+ 37. Kh3 Rb3 38. Kh4 Ra3 39. Rg4 Rb3
40. Rf4+ Kg7 41. Rf5 Ra3 42. g4 Ra4 43. Re5 Ra3 44. Kg3 Rb3
45. Kf4 Kf6 46. Rf5+ Kg7 47. Rd5 Kf6 48. Rd6+ Kg7 49. Ke4 Rb4+
50. Ke5 Rb5+ 51. Rd5 Rb3 52. f4 Re3+ 53. Kf5 Rh3 54. Rd6 Rh1
55. Rd4 Rh2 56. Rd3 Rh1 57. Re3 Rh4 58. Rg3 Rh1 59. Rg2 Rh3
60. Rd2 Rh4 61. Rd4 Rh1 62. Ke5 Re1+ 63. Re4 Ra1 64. Rd4 Re1+
1/2-1/2

[Event "49th Capablanca Memorial"]
[Site "Havana CUB"]
[Date "2014.05.09"]
[EventDate "2014.05.08"]
[Round "2.3"]
[Result "1-0"]
[White "Wesley So"]
[Black "Francisco Vallejo Pons"]
[WhiteElo "2738"]
[BlackElo "2697"]
[PlyCount "83"]

1. e4 e5 2. Nf3 Nc6 3. Bb5 Nf6 4. O-O Nxe4 5. d4 Nd6 6. Bxc6
dxc6 7. dxe5 Nf5 8. Qxd8+ Kxd8 9. Nc3 Bd7 10. b3 Kc8 11. Bb2
b6 12. Rad1 h6 13. h3 a5 14. Rd3 Ne7 15. Rfd1 Bf5 16. R3d2 c5
17. Nb5 Nc6 18. Nh4 Be6 19. f4 g6 20. g4 Be7 21. Ng2 Kb7
22. Nd6+ cxd6 23. exd6 Rhd8 24. dxe7 Rxd2 25. Rxd2 Nxe7 26. a4
Nc6 27. Ne3 Re8 28. Kf2 f5 29. Bg7 h5 30. gxh5 gxh5 31. c4 Rg8
32. Bc3 Kc7 33. Be5+ Nxe5 34. fxe5 h4 35. Rd6 Re8 36. Kf3 f4
37. Nd5+ Bxd5+ 38. Rxd5 Rf8 39. Rd2 Rf7 40. Rd1 Rf8 41. Rd2
Rf7 42. e6 1-0

[Event "49th Capablanca Memorial"]
[Site "Havana CUB"]
[Date "2014.05.10"]
[EventDate "2014.05.08"]
[Round "3.2"]
[Result "1/2-1/2"]
[White "Leinier Dominguez Perez"]
[Black "Wesley So"]
[WhiteElo "2768"]
[BlackElo "2738"]
[PlyCount "82"]

1. e4 e5 2. Nf3 Nc6 3. Bb5 a6 4. Ba4 Nf6 5. O-O Be7 6. Re1 b5
7. Bb3 O-O 8. a4 b4 9. d4 d6 10. dxe5 Nxe5 11. Nxe5 dxe5
12. Qe2 Bc5 13. Be3 Bd4 14. c3 bxc3 15. bxc3 Bxe3 16. Qxe3 Qe7
17. Nd2 Be6 18. Bxe6 Qxe6 19. Qc5 Nd7 20. Qxc7 Rac8 21. Qa5
Nc5 22. c4 Rfd8 23. Qc3 f6 24. a5 Rd4 25. Rab1 Nd3 26. Re3
Rcd8 27. h3 Nxf2 28. Kxf2 Rxd2+ 29. Kg1 h5 30. Kh2 h4 31. Rc1
R8d4 32. c5 Qa2 33. Qb3+ Kf8 34. Qxa2 Rxa2 35. c6 Rdd2
36. Rec3 Rxg2+ 37. Kh1 Rh2+ 38. Kg1 Rag2+ 39. Kf1 Rb2 40. Kg1
Rbg2+ 41. Kf1 Rd2 1/2-1/2

[Event "49th Capablanca Memorial"]
[Site "Havana CUB"]
[Date "2014.05.11"]
[EventDate "2014.05.08"]
[Round "4.1"]
[Result "1/2-1/2"]
[White "Wesley So"]
[Black "Vassily Ivanchuk"]
[WhiteElo "2731"]
[BlackElo "2753"]
[PlyCount "169"]

1. e4 c5 2. Nf3 e6 3. d4 cxd4 4. Nxd4 Nc6 5. Nc3 a6 6. Be3 Nf6
7. Qd2 Bb4 8. f3 d5 9. O-O-O Qa5 10. Nb3 Bxc3 11. Nxa5 Bxd2+
12. Bxd2 dxe4 13. Nxc6 bxc6 14. Be2 Bb7 15. Bb4 Nd7 16. fxe4
c5 17. Ba3 Bxe4 18. Rd6 Ke7 19. Rhd1 Rhd8 20. g3 Bb7 21. b4
Ne5 22. bxc5 Rxd6 23. Rxd6 Bd5 24. Rxa6 Rxa6 25. Bxa6 Bxa2
26. Bb2 Bc4 27. Bb7 f6 28. Bxe5 fxe5 29. Be4 h6 30. Kd2 Kd7
31. Ke3 Kc7 32. Bd3 Bd5 33. Bb5 Bg2 34. Be2 Bc6 35. Bf3 Bd5
36. Be2 Bc6 37. Bf1 Bd5 38. Bd3 Kd7 39. Be4 Bc4 40. Kd2 Kc7
41. h4 Bb5 42. Ke3 Bc4 43. Bg6 Bd5 44. Kd3 Bg2 45. Be4 Bf1+
46. Ke3 Bc4 47. h5 Kd7 48. Bd3 Bd5 49. Be2 Kc7 50. c4 Bc6
51. Bf3 Ba4 52. Kd3 Kd7 53. Kd2 Kd8 54. Bd1 Bc6 55. Ke3 Kc7
56. Be2 Kd7 57. Bg4 Ke7 58. Bf3 Ba4 59. Bb7 Bc2 60. Bc8 Bf5
61. Bb7 Bc2 62. Be4 Bd1 63. Bg6 Ba4 64. Kd3 Bc6 65. Be4 Ba4
66. Bb7 Kd7 67. Ke4 Kc7 68. Ba6 Bd1 69. Kxe5 Bxh5 70. Bb5 Bg4
71. Be8 Be2 72. Kxe6 Bxc4+ 73. Ke7 Be2 74. Bg6 Kc6 75. Kf7
Kxc5 76. Kxg7 Kd4 77. Kxh6 Ke3 78. Kg5 Kf2 79. Kf4 Bd1 80. Bf5
Be2 81. Bg4 Bb5 82. Bh3 Be2 83. Bf5 Bd1 84. Bg4 Bb3 85. Bf3
1/2-1/2

[Event "49th Capablanca Memorial"]
[Site "Havana CUB"]
[Date "2014.05.12"]
[EventDate "2014.05.08"]
[Round "5.3"]
[Result "0-1"]
[White "Zoltan Almasi"]
[Black "Wesley So"]
[WhiteElo "2693"]
[BlackElo "2731"]
[PlyCount "96"]

1. e4 e6 2. d4 d5 3. Nc3 Bb4 4. e5 c5 5. a3 Bxc3+ 6. bxc3 Ne7
7. Qg4 Qc7 8. Qxg7 Rg8 9. Qxh7 cxd4 10. Ne2 Nbc6 11. f4 dxc3
12. Qd3 d4 13. Ng3 Bd7 14. Be2 O-O-O 15. O-O Nf5 16. Ne4 Nce7
17. Nf6 Rg6 18. Nxd7 Rxd7 19. Bf3 Nd5 20. Rb1 Kb8 21. Be4 Rg8
22. a4 Qc6 23. a5 Qa4 24. a6 b6 25. Rb3 Nde3 26. Ra3 Qb4
27. Rb3 Qa4 28. Ra3 Qb4 29. Rb3 Qe7 30. Bxe3 dxe3 31. Qxc3 e2
32. Re1 Rd1 33. Bxf5 Rc8 34. Qg3 Qc5+ 35. Kh1 exf5 36. Rb1 Qd5
37. h3 Rd8 38. Kh2 Qe4 39. Qh4 R8d7 40. Rb3 Rxe1 41. Qh8+ Kc7
42. Rc3+ Qc6 43. Rxc6+ Kxc6 44. Qc8+ Rc7 45. Qa8+ Kc5 46. Qb8
Rc6 47. Qxa7 Rd1 48. Qe7+ Kb5 0-1

[Event "49th Capablanca Memorial"]
[Site "Havana CUB"]
[Date "2014.05.14"]
[EventDate "2014.05.08"]
[Round "6.1"]
[Result "1/2-1/2"]
[White "Lazaro Bruzon Batista"]
[Black "Wesley So"]
[WhiteElo "2678"]
[BlackElo "2738"]
[PlyCount "44"]

1. c4 Nf6 2. Nf3 g6 3. Nc3 d5 4. Qa4+ Bd7 5. Qb3 dxc4 6. Qxc4
Bg7 7. e4 a6 8. e5 Be6 9. exf6 Bxc4 10. fxg7 Rg8 11. Bxc4 Nc6
12. O-O g5 13. Bd5 g4 14. Bxc6+ bxc6 15. Ne5 Rxg7 16. d4 Qxd4
17. Re1 Qd6 18. Bf4 f6 19. Ne4 Qd5 20. Nc3 Qd6 21. Ne4 Qd5
22. Nc3 Qd6 1/2-1/2

[Event "49th Capablanca Memorial"]
[Site "Havana CUB"]
[Date "2014.05.15"]
[EventDate "2014.05.08"]
[Round "7.3"]
[Result "1/2-1/2"]
[White "Francisco Vallejo Pons"]
[Black "Wesley So"]
[WhiteElo "2697"]
[BlackElo "2738"]
[PlyCount "39"]

1. e4 e5 2. Nf3 Nc6 3. Bb5 a6 4. Ba4 Nf6 5. d3 d6 6. c3 g6
7. O-O Bg7 8. Re1 O-O 9. h3 b5 10. Bc2 Bb7 11. Be3 Re8
12. Nbd2 Nb8 13. b4 a5 14. bxa5 Rxa5 15. a4 c6 16. axb5 cxb5
17. Rxa5 Qxa5 18. Qa1 Qxa1 19. Rxa1 Nc6 20. Rb1 1/2-1/2

[Event "49th Capablanca Memorial"]
[Site "Havana CUB"]
[Date "2014.05.16"]
[EventDate "2014.05.08"]
[Round "8.2"]
[Result "1-0"]
[White "Wesley So"]
[Black "Leinier Dominguez Perez"]
[WhiteElo "2738"]
[BlackElo "2768"]
[PlyCount "127"]

1. e4 c5 2. Nf3 d6 3. d4 cxd4 4. Nxd4 Nf6 5. Nc3 a6 6. Be3 Ng4
7. Bc1 Nf6 8. f3 e5 9. Nb3 Be6 10. Be3 h5 11. Nd5 Bxd5
12. exd5 Nbd7 13. Qd2 g6 14. Be2 Qc7 15. Rc1 Bg7 16. O-O O-O
17. c4 b6 18. Na1 Kh7 19. h3 Ng8 20. g4 Qd8 21. gxh5 Qh4
22. hxg6+ fxg6 23. Bd3 Bh6 24. Rf2 Bxe3 25. Qxe3 Ne7 26. Rg2
Nf5 27. Bxf5 Rxf5 28. Nb3 Kg7 29. Nd2 Qxh3 30. Kf2 Raf8
31. Rcg1 R8f6 32. Ke2 e4 33. Nxe4 Rxf3 34. Rxg6+ Rxg6
35. Rxg6+ Kxg6 36. Qxf3 Qxf3+ 37. Kxf3 Ne5+ 38. Kf4 Nxc4
39. b3 Ne5 40. Nxd6 Nd3+ 41. Ke4 Nc1 42. Ke5 Nd3+ 43. Kd4 Nc1
44. Nc8 Kf7 45. Ke5 Ke8 46. Ke6 Kd8 47. d6 Nd3 48. Nxb6 Nf4+
49. Kf5 Ne2 50. Ke6 Nf4+ 51. Kf6 Ne2 52. d7 Nc3 53. Ke6 Nb5
54. Na4 Nc7+ 55. Kd6 Nb5+ 56. Kc6 Nd4+ 57. Kd5 Nb5 58. Nc5 Kc7
59. Ke6 Nd4+ 60. Ke7 Nf5+ 61. Ke6 Nd4+ 62. Kf7 Nf5 63. Kf6 Ne3
64. Ke6 1-0

[Event "49th Capablanca Memorial"]
[Site "Havana CUB"]
[Date "2014.05.18"]
[EventDate "2014.05.08"]
[Round "10.2"]
[Result "1/2-1/2"]
[White "Wesley So"]
[Black "Zoltan Almasi"]
[WhiteElo "2738"]
[BlackElo "2707"]
[PlyCount "23"]

1. d4 Nf6 2. c4 e6 3. Nc3 Bb4 4. Qc2 O-O 5. a3 Bxc3+ 6. Qxc3
d6 7. Nf3 b6 8. e3 Bb7 9. b3 Nbd7 10. Bb2 Ne4 11. Qc2 f5
12. Be2 1/2-1/2

[Event "9th Edmonton International"]
[Site "Edmonton, Canada"]
[Date "2014.06.24"]
[EventDate "2014.??.??"]
[Round "4.1"]
[Result "1/2-1/2"]
[White "Wesley So"]
[Black "Vassily Ivanchuk"]
[WhiteElo "2744"]
[BlackElo "2738"]
[PlyCount "118"]

1. e4 c5 2. Nf3 e6 3. d4 cxd4 4. Nxd4 Nc6 5. Nc3 a6 6. Be3 Nf6
7. Qd2 e5 8. Nf5 d5 9. exd5 Nb4 10. Ng3 Nfxd5 11. a3 Nxe3
12. fxe3 Qxd2+ 13. Kxd2 Nc6 14. Bc4 Bg4 15. h3 Rd8+ 16. Ke1
Bd7 17. Rf1 f6 18. Ke2 Na5 19. Ba2 Rc8 20. Kd3 b5 21. Nd5 Nc4
22. Bxc4 Rxc4 23. Nb6 Rc6 24. Nxd7 Kxd7 25. c3 g6 26. Ne4 Be7
27. Ke2 Ke6 28. g4 h5 29. Rh1 a5 30. Nd2 b4 31. axb4 axb4
32. c4 b3 33. g5 fxg5 34. Ra7 Rb8 35. Rc1 g4 36. hxg4 hxg4
37. Rg1 Rh8 38. Rg2 Bb4 39. Rxg4 Kf5 40. Rg2 Bxd2 41. Rf7+ Ke6
42. Rg7 Rxc4 43. R2xg6+ Kd5 44. Rd7+ Kc5 45. Rc7+ Kb5 46. Rxc4
Kxc4 47. Rg4+ Kd5 48. Kxd2 Rc8 49. Kd3 Rc2 50. Rb4 Rxb2
51. Rb5+ Kd6 52. Kc3 Rb1 53. Rxb3 Rxb3+ 54. Kxb3 Kd5 55. Kc3
Ke4 56. Kd2 Kf3 57. Kd3 Kf2 58. Ke4 Ke2 59. Kxe5 Kxe3 1/2-1/2

[Event "9th Edmonton International"]
[Site "Edmonton, Canada"]
[Date "2014.06.25"]
[EventDate "2014.??.??"]
[Round "5.2"]
[Result "0-1"]
[White "Alex Yam"]
[Black "Wesley So"]
[WhiteElo "2299"]
[BlackElo "2744"]
[PlyCount "85"]

1. e4 c6 2. d4 d5 3. exd5 cxd5 4. c4 Nf6 5. Nc3 e6 6. Nf3 Bb4
7. Bd3 dxc4 8. Bxc4 O-O 9. O-O b6 10. Bg5 Bb7 11. a3 Bxc3
12. bxc3 Nbd7 13. Bd3 Qc7 14. c4 Qd6 15. Re1 h6 16. Bc1 Bxf3
17. gxf3 Rad8 18. Be3 Nh5 19. Bf1 Nb8 20. Qa4 Qc7 21. Rad1 Nf4
22. Qb5 Nd7 23. a4 a6 24. Qb2 Ng6 25. Be2 Rfe8 26. Rb1 Nh4
27. a5 bxa5 28. Qb7 Qxb7 29. Rxb7 Nf5 30. c5 Nb8 31. Rc1 Nc6
32. Bxa6 Kf8 33. Bb5 Nfxd4 34. Bxd4 Nxd4 35. Bxe8 Ne2+ 36. Kg2
Nxc1 37. Bxf7 Ne2 38. f4 Rd3 39. f3 Nxf4+ 40. Kg3 g5 41. h4
Rd2 42. hxg5 hxg5 43. Bxe6 0-1

[Event "9th Edmonton International"]
[Site "Edmonton, Canada"]
[Date "2014.06.27"]
[EventDate "2014.??.??"]
[Round "7.2"]
[Result "1/2-1/2"]
[White "Wesley So"]
[Black "Vladimir Pechenkin"]
[WhiteElo "2744"]
[BlackElo "2311"]
[PlyCount "217"]

1. e4 e6 2. d4 d5 3. Nc3 Nf6 4. e5 Nfd7 5. f4 c5 6. Nf3 Nc6
7. Be3 a6 8. Qd2 b5 9. a3 Qa5 10. Ra2 Qb6 11. Ne2 Qc7 12. Ng3
h5 13. c3 h4 14. Ne2 c4 15. Neg1 Ne7 16. Nh3 Nf5 17. Bf2 a5
18. Be2 Be7 19. O-O a4 20. Bd1 Nf8 21. Bc2 Ng6 22. Raa1 Bd7
23. Nhg5 Ra6 24. Rae1 Qc8 25. Be3 f6 26. Nh3 Kf7 27. Bf2 Qg8
28. Bxf5 exf5 29. Re3 Qh7 30. Rfe1 Qh6 31. exf6 gxf6 32. Nxh4
Bd6 33. Nxg6 Kxg6 34. Bg3 Raa8 35. Ng5 Rae8 36. Ne6 Kf7
37. Nc5 Rxe3 38. Qxe3 Re8 39. Qf2 Rxe1+ 40. Qxe1 Bc8 41. Qf1
Qh5 42. h3 Ke7 43. Kf2 Kd8 44. Ke1 Kc7 45. Kd2 Kc6 46. Qf2 Bf8
47. Qe3 Bd6 48. Qf2 Bf8 49. Bh4 Qh6 50. Kc2 Qg6 51. Qe2 Bd6
52. Qf3 Bf8 53. Bf2 Bd6 54. Kd2 Qh6 55. Ke3 Qg6 56. Qg3 Qxg3+
57. Bxg3 Bf8 58. Bh4 Bg7 59. Kf3 Kd6 60. g4 fxg4+ 61. hxg4 Ke7
62. Bf2 f5 63. Bh4+ Bf6 64. Bxf6+ Kxf6 65. g5+ Kg7 66. Kg3 Kh7
67. Kh4 Kg6 68. Kh3 Kg7 69. Kg3 Kh7 70. Kf3 Kg7 71. Ke3 Kg6
72. Ke2 Kg7 73. Ke1 Kh7 74. Kd2 Kg6 75. Kc2 Kh5 76. Kd1 Kg6
77. Kd2 Kh5 78. Kc2 Kg6 79. Kd1 Kh5 80. Ke2 Kg6 81. Kf2 Kg7
82. Kf3 Kh7 83. Kf2 Kg7 84. Ke3 Kg6 85. Kd2 Kh5 86. Kc1 Kg6
87. b3 axb3 88. Kb2 Kh5 89. Kb1 Kg6 90. Kc1 Kh5 91. Kd2 Kg6
92. Kc1 Kh5 93. Kb2 Kg6 94. Kb1 Kh5 95. Kc1 Kg6 96. Kd1 Kh5
97. Kd2 Kg6 98. a4 bxa4 99. Nxa4 Be6 100. Nc5 Bg8 101. Nd7 Kg7
102. Ne5 Be6 103. Kc1 Kh7 104. Kb2 Kg7 105. Nc6 Kg6 106. Ne7+
Kf7 107. Nc6 Kg6 108. Ne7+ Kf7 109. Nc6 1/2-1/2

[Event "9th Edmonton International"]
[Site "Edmonton, Canada"]
[Date "2014.06.28"]
[EventDate "2014.??.??"]
[Round "8.2"]
[Result "1/2-1/2"]
[White "Irina Krush"]
[Black "Wesley So"]
[WhiteElo "2484"]
[BlackElo "2744"]
[PlyCount "159"]

1. c4 e5 2. g3 Nf6 3. Bg2 d5 4. cxd5 Nxd5 5. Nc3 Nb6 6. Nf3
Nc6 7. O-O Be7 8. a3 O-O 9. d3 Be6 10. Be3 f5 11. Na4 Nd5
12. Bc5 Bd6 13. Rc1 Qf6 14. Nd2 Qg6 15. b4 Rad8 16. Bxd6 cxd6
17. Nc3 Nxc3 18. Rxc3 d5 19. b5 Nd4 20. Nf3 Nxf3+ 21. Bxf3 e4
22. Bg2 Qf6 23. Rc7 Rf7 24. Qc2 Qe5 25. Rc3 Rff8 26. e3 Rc8
27. d4 Qd6 28. Rc1 Rxc3 29. Qxc3 Rc8 30. Qb2 b6 31. f4 exf3
32. Rxc8+ Bxc8 33. Bxf3 a5 34. bxa6 Bxa6 35. Kf2 Qc6 36. Qb3
Bc4 37. Qb4 Kf7 38. h4 Bd3 39. Qb3 Be4 40. Be2 h6 41. Qb5 Qxb5
42. Bxb5 Bc2 43. Ke1 g5 44. Kd2 Be4 45. hxg5 hxg5 46. Kc3 Ke6
47. Ba6 Kd7 48. Kb4 Kc7 49. Be2 Kc6 50. a4 Kc7 51. Kb5 Kb7
52. a5 bxa5 53. Kxa5 Kc6 54. Bb5+ Kc7 55. Be2 Kc6 56. Bd1 Bd3
57. Bb3 Be2 58. Bc2 Bg4 59. Ba4+ Kc7 60. Kb5 Kd6 61. Kb6 Bh3
62. Bd1 Bg2 63. Kb7 Bh3 64. Bf3 Bf1 65. Kc8 Bh3 66. Kd8 Bg4
67. Bg2 Be2 68. Ke8 Ke6 69. Kf8 g4 70. Kg7 Bd3 71. Kh6 Bc4
72. Kg7 Ke7 73. Kg6 Bd3 74. Kg5 Ke6 75. Kh6 Bb5 76. Kg6 Be8+
77. Kg5 Bb5 78. Kg6 Bd3 79. Kg5 Bb5 80. Kg6 1/2-1/2

[Event "9th Edmonton International"]
[Site "Edmonton, Canada"]
[Date "2014.06.29"]
[EventDate "2014.??.??"]
[Round "9.2"]
[Result "1-0"]
[White "Wesley So"]
[Black "Dale R Haessel"]
[WhiteElo "2744"]
[BlackElo "2168"]
[PlyCount "47"]

1. d4 Nf6 2. c4 g6 3. f3 d5 4. cxd5 Nxd5 5. e4 Nb6 6. Nc3 Bg7
7. Be3 O-O 8. Qd2 f5 9. O-O-O Nc6 10. e5 Nd5 11. Nh3 Nxe3
12. Qxe3 e6 13. Nf4 Qe7 14. h4 Bd7 15. Kb1 a5 16. Bb5 Rfd8
17. g4 Nb4 18. gxf5 gxf5 19. Bxd7 Rxd7 20. Rdg1 Kh8 21. h5
Rad8 22. h6 Bf8 23. Nh5 Rxd4 24. Nf6 1-0

[Event "Millionaire Chess (Knock-Out)"]
[Site "Las Vegas USA"]
[Date "2014.10.13"]
[EventDate "2014.10.13"]
[Round "1.1"]
[Result "1/2-1/2"]
[White "Zhou Jianchao"]
[Black "Wesley So"]
[WhiteElo "2580"]
[BlackElo "2755"]
[PlyCount "84"]

1. c4 Nf6 2. Nc3 e6 3. e4 d5 4. e5 d4 5. exf6 dxc3 6. bxc3
Qxf6 7. Nf3 Nc6 8. Bd3 Ne5 9. Be4 Nxf3+ 10. Qxf3 Qxf3 11. Bxf3
Rb8 12. d4 b6 13. Bc6+ Kd8 14. Ke2 Bb7 15. Bxb7 Rxb7 16. a4
Kd7 17. Be3 Bd6 18. a5 Rbb8 19. axb6 axb6 20. Ra7 Ra8 21. Rha1
Rxa7 22. Rxa7 h5 23. f4 h4 24. Kf3 Rh5 25. Ke4 g5 26. fxg5 h3
27. Ra2 hxg2 28. Rxg2 Rh4+ 29. Kf3 Rh3+ 30. Ke4 Ke7 31. d5
Rh4+ 32. Kd3 Rh3 33. g6 fxg6 34. Rxg6 exd5 35. cxd5 Kd7
36. Ke4 Rh4+ 37. Kd3 Rxh2 38. c4 Rh3 39. Ke4 Rh4+ 40. Kd3 Rh3
41. Ke4 Rh4+ 42. Kd3 Rh3 1/2-1/2

[Event "Millionaire Chess (Knock-Out)"]
[Site "Las Vegas USA"]
[Date "2014.10.13"]
[EventDate "2014.10.13"]
[Round "1.2"]
[Result "1/2-1/2"]
[White "Wesley So"]
[Black "Zhou Jianchao"]
[WhiteElo "2755"]
[BlackElo "2580"]
[PlyCount "65"]

1. d4 Nf6 2. c4 e6 3. Nf3 d5 4. Nc3 Be7 5. Bf4 O-O 6. e3 Nbd7
7. Be2 dxc4 8. O-O a6 9. a4 Bd6 10. Bg5 h6 11. Bh4 b6 12. Bxc4
Bb7 13. Qe2 c5 14. d5 exd5 15. Nxd5 g5 16. Bg3 Bxg3 17. Nxf6+
Qxf6 18. hxg3 Rfd8 19. Rad1 Kg7 20. Bd5 Bxd5 21. Rxd5 Nf8
22. Rfd1 Ne6 23. e4 b5 24. e5 Qf5 25. Rxd8 Rxd8 26. Rxd8 Nxd8
27. axb5 axb5 28. Qxb5 Ne6 29. Qe2 Nd4 30. Qc4 Nxf3+ 31. gxf3
Qxe5 32. Kg2 Qxb2 33. Qxc5 1/2-1/2

[Event "Millionaire Chess (Knock-Out)"]
[Site "Las Vegas USA"]
[Date "2014.10.13"]
[EventDate "2014.10.13"]
[Round "1.3"]
[Result "0-1"]
[White "Zhou Jianchao"]
[Black "Wesley So"]
[WhiteElo "2580"]
[BlackElo "2755"]
[PlyCount "38"]

1. c4 c6 2. Nf3 d5 3. e3 Nf6 4. Nc3 e6 5. d4 Nbd7 6. Qc2 Bd6
7. Bd3 O-O 8. O-O dxc4 9. Bxc4 b5 10. Bd3 Bb7 11. a3 Rc8
12. e4 c5 13. Nxb5 Bb8 14. d5 exd5 15. exd5 Bxd5 16. Rd1 Qb6
17. Bc4 Bxf3 18. gxf3 Ne5 19. Qb3 Qc6 0-1

[Event "Millionaire Chess (Knock-Out)"]
[Site "Las Vegas USA"]
[Date "2014.10.13"]
[EventDate "2014.10.13"]
[Round "1.4"]
[Result "1-0"]
[White "Wesley So"]
[Black "Zhou Jianchao"]
[WhiteElo "2755"]
[BlackElo "2580"]
[PlyCount "69"]

1. d4 Nf6 2. c4 b6 3. Nc3 Bb7 4. Qc2 d5 5. cxd5 Nxd5 6. e4
Nxc3 7. bxc3 e6 8. Nf3 Be7 9. Bb5+ c6 10. Bd3 O-O 11. O-O Nd7
12. c4 Qc7 13. Bb2 c5 14. d5 e5 15. Rae1 Rae8 16. g3 Bc8
17. Kh1 Bd6 18. Bc1 Nf6 19. Ng1 Kh8 20. f4 b5 21. cxb5 exf4
22. Bxf4 Bxf4 23. gxf4 Bb7 24. Qc4 Nd7 25. f5 Nb6 26. Qc1 Nxd5
27. exd5 Bxd5+ 28. Nf3 Rxe1 29. Qxe1 Qf4 30. Kg2 g5 31. fxg6
fxg6 32. Be2 g5 33. Kg1 g4 34. Qc3+ Kg8 35. Ne5 1-0

[Event "Millionaire Chess (Knock-Out)"]
[Site "Las Vegas USA"]
[Date "2014.10.13"]
[EventDate "2014.10.13"]
[Round "2.1"]
[Result "1/2-1/2"]
[White "Ray Robson"]
[Black "Wesley So"]
[WhiteElo "2628"]
[BlackElo "2755"]
[PlyCount "64"]

1. e4 e6 2. d4 d5 3. Nc3 Nf6 4. e5 Nfd7 5. f4 c5 6. Nf3 Nc6
7. Be3 a6 8. Qd2 b5 9. Nd1 b4 10. c4 bxc3 11. Nxc3 Bb7 12. Be2
cxd4 13. Nxd4 Bc5 14. Nxc6 Bxc6 15. Bxc5 Nxc5 16. Qd4 Nd7
17. b4 Qb6 18. Rd1 Ke7 19. Qxb6 Nxb6 20. Rd4 f6 21. exf6+ gxf6
22. Kd2 e5 23. fxe5 fxe5 24. Rh4 Nd7 25. Rf1 d4 26. Ne4 Bxe4
27. Rxe4 Rhf8 28. Rxf8 Rxf8 29. Bg4 Rb8 30. Bxd7 Kxd7 31. Rxe5
Rxb4 32. Kd3 Rb2 1/2-1/2

[Event "Millionaire Chess (Knock-Out)"]
[Site "Las Vegas USA"]
[Date "2014.10.13"]
[EventDate "2014.10.13"]
[Round "2.2"]
[Result "1-0"]
[White "Wesley So"]
[Black "Ray Robson"]
[WhiteElo "2755"]
[BlackElo "2628"]
[PlyCount "55"]

1. d4 Nf6 2. c4 g6 3. g3 c6 4. Bg2 d5 5. cxd5 cxd5 6. Nf3 Bg7
7. Nc3 Ne4 8. Qa4+ Nc6 9. Ne5 Nxc3 10. bxc3 Bd7 11. Nxd7 Qxd7
12. Rb1 b6 13. Rxb6 Rc8 14. Rb1 O-O 15. O-O Rfd8 16. Rd1 Qc7
17. Rb5 e6 18. Bg5 Ne7 19. Rdb1 f6 20. Bd2 Qd7 21. Qa6 Rc6
22. Qa5 Qd6 23. Bf4 e5 24. dxe5 fxe5 25. Bg5 e4 26. Rb7 Ra6
27. Qb4 Nc6 28. Rxg7+ 1-0

[Event "Millionaire Chess (Rapid Tiebreaks A)"]
[Site "Las Vegas USA"]
[Date "2015.10.11"]
[EventDate "2015.10.11"]
[Round "1.1"]
[Result "1-0"]
[White "Wesley So"]
[Black "Gregory Kaidanov"]
[WhiteElo "2760"]
[BlackElo "2561"]
[PlyCount "92"]

1. Nf3 d5 2. g3 c5 3. Bg2 Nc6 4. d4 Nf6 5. O-O e6 6. c4 dxc4
7. dxc5 Qxd1 8. Rxd1 Bxc5 9. Nbd2 c3 10. bxc3 O-O 11. Nb3 Be7
12. c4 Bd7 13. Bb2 Rfd8 14. Nfd4 Rac8 15. Nb5 Be8 16. c5 Nd5
17. Nd6 Bxd6 18. cxd6 Nb8 19. Rac1 Ba4 20. Bxd5 exd5 21. Rc7
Na6 22. Rxc8 Rxc8 23. Rxd5 f6 24. Rd4 Bd7 25. f3 Kf7 26. Re4
Re8 27. Rxe8 Kxe8 28. Nd4 Nc5 29. Kf2 Ne6 30. Nb3 Bb5 31. e4
Kd7 32. Ba3 Bc4 33. Ke3 b6 34. f4 a5 35. e5 fxe5 36. fxe5 g6
37. Bb2 Kc6 38. Nc1 Kd7 39. a3 Kc6 40. Ne2 Bxe2 41. Kxe2 Kd7
42. Kd3 Kc6 43. Bd4 Nd8 44. Ke4 Ne6 45. h4 Nd8 46. Bxb6 Kxb6
1-0

[Event "Millionaire Chess (Rapid Tiebreaks A)"]
[Site "Las Vegas USA"]
[Date "2015.10.11"]
[EventDate "2015.10.11"]
[Round "2.1"]
[Result "0-1"]
[White "Fabiano Caruana"]
[Black "Wesley So"]
[WhiteElo "2796"]
[BlackElo "2760"]
[PlyCount "108"]

1. e4 e5 2. Nf3 Nc6 3. Bb5 Nf6 4. d3 Bc5 5. Bxc6 dxc6 6. Nbd2
O-O 7. O-O Nd7 8. Nc4 Re8 9. Kh1 a5 10. a4 Bb4 11. Bd2 b6
12. Qe1 Qe7 13. g3 Bxd2 14. Qxd2 c5 15. Nh4 Nb8 16. f4 Bh3
17. Rf2 exf4 18. Rxf4 Nc6 19. Ne3 Nd4 20. Nf3 Nxf3 21. Rxf3
Be6 22. b3 c6 23. Raf1 f6 24. g4 b5 25. Nf5 Bxf5 26. Rxf5 c4
27. axb5 cxb5 28. Rxb5 cxd3 29. cxd3 Qd7 30. Rd5 Qxg4 31. Rxa5
Rxa5 32. Qxa5 Qe2 33. Qd5+ Kh8 34. Kg1 h6 35. Rf2 Qd1+ 36. Rf1
Qe2 37. Rf2 Qd1+ 38. Rf1 Qg4+ 39. Kh1 Qe2 40. Qf5 Qxd3 41. Re1
Qxb3 42. Qf4 Qc3 43. Qf2 f5 44. Re3 Qc6 45. Kg1 Rxe4 46. Rg3
Qc1+ 47. Kg2 Qc6 48. Kg1 Qe6 49. Qa7 Qe7 50. Qa8+ Kh7 51. Qc8
Re1+ 52. Kg2 Qe2+ 53. Kh3 Qf1+ 54. Kh4 Re4+ 0-1